000 00641nam a2200229Ia 4500
003 OSt
005 20220918175533.0
006 a|||||r|||| 00| 0
007 ta
008 220917b |||||||| |||| 00| 0 eng d
024 _a17,836
037 _cTextual
040 _aARTS
_cARTS
_beng
041 _2eng
_aeng
082 _aO:1M19:9, J5 (TTO)
100 _aWilliams William Carlos
_954328
245 0 _aLeaves of grass
_b One hundred years after ed by Milton Hindus
260 _c1955
650 _aENGLISH LITERATURE
942 _hO:1M19:9, J5 (TTO)
_cTEXL
_2CC
999 _c157997
_d157997